00766nam a2200169Ia 450000500170000000800410001702000180005808200110007610000230008724500420011026000260015230000240017850000200020252002640022299900150048695200950050120250117103852.0250117s9999 xx 000 0 und d a9780141044804 a330GLA aGladwell, Malcolm. 0aWhat the dog saw and other adventures aLondonbPenguinc2009 axv, 410 p. ; 21 cm. aIncludes index. aWhat is the difference between choking and panicking? Why are there dozens of varieties of mustard-but only one variety of ketchup? What do football players teach us about how to hire teachers? What does hair dye tell us about the history of the 20th century? c7286d7286 00104070aU001bU001d2025-01-17l0o330GLAp007673r2025-01-31 00:00:00w2025-01-17yBK